[Event "Rated Blitz game"]
[Site "?"]
[Date "2021.10.22"]
[Round "?"]
[White "gtomov"]
[Black "Larenim"]
[Result "1-0"]
[WhiteElo "2484"]
[BlackElo "2321"]
[PlyCount "117"]
[EventDate "2021.??.??"]
[EventType "blitz"]

1. e4 e5 2. Nf3 d5 3. exd5 e4 4. Qe2 Nf6 5. Nc3 Bf5 6. Nd4 Bg6 7. d3 Bb4 8.
dxe4 O-O 9. Qc4 Bxc3+ 10. bxc3 Bxe4 11. Bg5 Re8 12. Be2 Bxd5 13. Bxf6 Bxc4 14.
Bxd8 Bxe2 15. Bxc7 Bc4+ 16. Kd2 Na6 17. Bg3 Rad8 18. Rhe1 Nc5 19. f3 Rxe1 20.
Rxe1 Ne6 21. Bf2 a6 22. a3 Kf8 23. Kc1 Nc7 24. Bg3 Nd5 25. Kb2 b5 26. Nf5 Nb6
27. Bd6+ Kg8 28. Bc7 Ra8 29. Bxb6 g6 30. Nd6 Bd5 31. Re8+ Rxe8 32. Nxe8 f5 33.
Nf6+ Kf7 34. Nxd5 Ke6 35. Ne3 Ke5 36. Bc7+ Ke6 37. f4 h6 38. g3 g5 39. c4 g4
40. Kc3 Kd7 41. Be5 Kc6 42. Kd4 h5 43. Nxf5 h4 44. gxh4 g3 45. hxg3 a5 46. h5
b4 47. axb4 a4 48. b5+ Kb6 49. Kd5 a3 50. Bd4+ Ka5 51. h6 a2 52. h7 Kb4 53.
h8=Q Ka3 54. Qa8+ Kb4 55. Bc5+ Kc3 56. Qxa2 Kd2 57. c3+ Kc1 58. Be3+ Kd1 59.
Qd2# {Normal} 1-0

[Event "Rated Blitz tournament 9TYdxnTc"]
[Site "?"]
[Date "2021.10.22"]
[Round "?"]
[White "Bola_BKD"]
[Black "Bis_Kecil_BKD"]
[Result "1-0"]
[WhiteElo "2381"]
[BlackElo "2496"]
[PlyCount "23"]
[EventDate "2021.??.??"]
[EventType "blitz"]

1. e4 e5 2. Nf3 d5 3. exd5 e4 4. Qe2 Qxd5 5. Nc3 Qe6 6. Qxe4 Qxe4+ 7. Nxe4 Nf6
8. Nxf6+ gxf6 9. Bc4 Nc6 10. O-O Ne5 11. Re1 Bg4 12. d4 {Normal} 1-0

[Event "Rated Blitz game"]
[Site "?"]
[Date "2021.10.22"]
[Round "?"]
[White "Slimslik02"]
[Black "lavilaine"]
[Result "0-1"]
[WhiteElo "2357"]
[BlackElo "2411"]
[PlyCount "106"]
[EventDate "2021.??.??"]
[EventType "blitz"]

1. e4 e5 2. Nf3 d5 3. exd5 e4 4. Qe2 f5 5. c4 Nf6 6. Nd4 c6 7. Nc3 cxd5 8. cxd5
Bc5 9. Qb5+ Nbd7 10. Ne6 Qb6 11. Nxc5 Qxc5 12. d4 Qxb5 13. Nxb5 O-O 14. d6 Nb6
15. a4 Be6 16. Nc7 Bb3 17. a5 Nbd5 18. Nxa8 Nb4 19. Kd2 Nc2 20. Rb1 Rxa8 21.
Kc3 Ba4 22. b3 Rc8+ 23. Bc4+ Nd5+ 24. Kxc2 Rxc4+ 25. Kb2 Rb4 26. Ka3 Bd7 27.
Bd2 Rb5 28. Rhc1 Kf7 29. Rc5 Ke6 30. Bf4 Rxc5 31. dxc5 Nc3 32. Rc1 Ne2 33. Be3
Nxc1 34. Bxc1 Kd5 35. Be3 g5 36. Bxg5 Kxc5 37. Be7 Kb5 38. Kb2 Kxa5 39. Kc3 Kb5
40. Kd4 Kb4 41. Bg5 Kxb3 42. Ke5 a5 43. Kf6 a4 44. Bc1 a3 45. Bxa3 Kxa3 46. Ke7
Bc6 47. d7 Bxd7 48. Kxd7 b5 49. Ke6 b4 50. Kxf5 b3 51. Kxe4 b2 52. f4 b1=Q+ 53.
Kf3 Kb4 {Normal} 0-1

[Event "Rated Blitz game"]
[Site "?"]
[Date "2021.10.22"]
[Round "?"]
[White "skt_kvazi"]
[Black "RCompany_1"]
[Result "0-1"]
[WhiteElo "2453"]
[BlackElo "2366"]
[PlyCount "102"]
[EventDate "2021.??.??"]
[EventType "blitz"]

1. e4 e5 2. Nf3 d5 3. Nxe5 Bd6 4. d4 dxe4 5. Bc4 Bxe5 6. dxe5 Qxd1+ 7. Kxd1 Nc6
8. Bf4 Nge7 9. Nc3 Ng6 10. Bg3 h5 11. Nxe4 h4 12. Ng5 hxg3 13. Bxf7+ Ke7 14.
Bxg6 Rxh2 15. Rxh2 gxh2 16. Kd2 Nxe5 17. Bd3 Ng4 18. Rh1 Nxf2 19. Rxh2 Nxd3 20.
cxd3 Bf5 21. Ne4 Rd8 22. Ke3 b6 23. Rh1 Ke6 24. Rc1 c5 25. b4 Bxe4 26. dxe4
cxb4 27. Rc6+ Kd7 28. Rg6 Rg8 29. Kd4 Kc7 30. Kc4 a5 31. Kb5 Kd7 32. Kxb6 a4
33. Rg3 b3 34. axb3 axb3 35. Kc5 Rb8 36. Rd3+ Ke6 37. Rd1 Ke5 38. Rb1 Kxe4 39.
Kd6 Kd3 40. Ke6 Kc2 41. Rf1 b2 42. Rf2+ Kb3 43. Rf3+ Ka2 44. Rf1 b1=Q 45. Rxb1
Kxb1 46. g4 Rb7 47. g5 Kc2 48. Kf5 Kd3 49. Kg6 Ke4 50. Kh7 Kf5 51. g6 Kf6 {
Time forfeit} 0-1

[Event "Rated Blitz tournament BHezUIgs"]
[Site "?"]
[Date "2021.10.22"]
[Round "?"]
[White "vitezizgorobilja"]
[Black "Rajawali_sakti_CSS"]
[Result "0-1"]
[WhiteElo "2515"]
[BlackElo "2290"]
[PlyCount "76"]
[EventDate "2021.??.??"]
[EventType "blitz"]

1. e4 e5 2. Nf3 d5 3. d4 dxe4 4. Nxe5 Bd6 5. Nc4 Be7 6. Be2 Nf6 7. O-O O-O 8.
Bf4 h6 9. h3 Bf5 10. c3 Re8 11. Ne3 Bh7 12. Nd2 c6 13. Bc4 Nd5 14. Bh2 Bg6 15.
Re1 Kh8 16. Qb3 Nxe3 17. Rxe3 Bg5 18. Re2 e3 19. fxe3 Rxe3 20. Kh1 Rxe2 21.
Bxe2 Bxd2 22. Qxb7 Nd7 23. Qxc6 Rc8 24. Qb7 Nf6 25. Qxa7 Be4 26. Rf1 Qd5 27.
Bf3 Bxf3 28. Rxf3 Re8 29. Be5 Bg5 30. b3 Qe4 31. Qxf7 Qe1+ 32. Kh2 Rxe5 33.
dxe5 Qxe5+ 34. Kg1 Qe1+ 35. Kh2 Be3 36. Qg6 Bg1+ 37. Kh1 Bf2+ 38. Kh2 Qg1# {
Normal} 0-1

[Event "Rated Blitz game"]
[Site "?"]
[Date "2021.10.22"]
[Round "?"]
[White "Kingethree"]
[Black "Pepiton61"]
[Result "1-0"]
[WhiteElo "2444"]
[BlackElo "2404"]
[PlyCount "85"]
[EventDate "2021.??.??"]
[EventType "blitz"]

1. e4 e5 2. Nf3 d5 3. exd5 e4 4. Qe2 Nf6 5. Nc3 Be7 6. Nd4 O-O 7. g3 Nxd5 8.
Nxd5 Qxd5 9. c3 c5 10. Nc2 e3 11. f3 exd2+ 12. Bxd2 Bf6 13. O-O-O Qxa2 14. Na3
Be6 15. Qb5 b6 16. Bc4 Bxc4 17. Qxc4 Qxc4 18. Nxc4 Nc6 19. g4 Rfd8 20. g5 Be7
21. Bf4 b5 22. Ne3 Rxd1+ 23. Rxd1 Rd8 24. Nd5 Kf8 25. Kc2 a5 26. Bc7 Rd7 27.
Bb6 c4 28. Nxe7 Rxd1 29. Nxc6 Rh1 30. Bc7 b4 31. cxb4 axb4 32. Nxb4 Rf1 33. Kc3
Rxf3+ 34. Kxc4 Rf5 35. Nd5 Rxg5 36. b4 Ke8 37. b5 Kd7 38. Bf4 Rg4 39. Kc5 Rg2
40. b6 Rc2+ 41. Kb5 Rb2+ 42. Nb4 f6 43. b7 {Normal} 1-0

[Event "Rated Blitz game"]
[Site "?"]
[Date "2021.10.22"]
[Round "?"]
[White "Chess_Guy4"]
[Black "GrandeGila"]
[Result "1-0"]
[WhiteElo "2435"]
[BlackElo "2561"]
[PlyCount "103"]
[EventDate "2021.??.??"]
[EventType "blitz"]

1. e4 e5 2. Nf3 d5 3. Nxe5 Bd6 4. d4 dxe4 5. Bc4 Bxe5 6. Qh5 Qe7 7. dxe5 Nc6 8.
Bf4 Be6 9. Bxe6 Qxe6 10. O-O O-O-O 11. Nc3 f5 12. exf6 Nxf6 13. Qc5 Nd5 14. Bg5
Nxc3 15. Qxc3 Rd5 16. Bh4 g5 17. Qxh8+ Rd8 18. Qxh7 gxh4 19. Rfe1 Qe5 20. Qxe4
Qxb2 21. Rab1 Qxa2 22. Qf5+ Kb8 23. Qb5 Na5 24. Ra1 Qxc2 25. Qxa5 a6 26. Rec1
Qh7 27. Rab1 Rd6 28. Qb4 b6 29. h3 Kb7 30. Re1 a5 31. Qe4+ Qxe4 32. Rxe4 Rh6
33. f4 Rf6 34. Rf1 b5 35. f5 a4 36. Rxh4 Kb6 37. Re4 Ka5 38. Re6 Rf7 39. f6 c5
40. Re7 Rf8 41. f7 Rxf7 42. Rexf7 b4 43. Ra7+ Kb5 44. h4 a3 45. h5 c4 46. h6 b3
47. h7 a2 48. h8=Q Kb4 49. Qf8+ Kc3 50. Qf3+ Kb2 51. Rf2+ Kb1 52. Qd1# {Normal}
1-0

[Event "Rated Blitz tournament 9TYdxnTc"]
[Site "?"]
[Date "2021.10.22"]
[Round "?"]
[White "Devilsreject7"]
[Black "KillJoy_BKD"]
[Result "0-1"]
[WhiteElo "2329"]
[BlackElo "2433"]
[PlyCount "102"]
[EventDate "2021.??.??"]
[EventType "blitz"]

1. e4 e5 2. Nf3 d5 3. Nxe5 Bd6 4. d4 dxe4 5. Bc4 Bxe5 6. Qh5 Qe7 7. Qxe5 Qxe5
8. dxe5 Nc6 9. Nc3 Nxe5 10. Nd5 Kd8 11. Bb3 Be6 12. Bf4 f6 13. O-O-O Bxd5 14.
Bxd5 Ke8 15. Bxb7 Rb8 16. Bxe4 Ne7 17. Rhe1 Kf7 18. Bxe5 fxe5 19. Rd7 Ke6 20.
Rxc7 Rhc8 21. Rxa7 Rb6 22. Bd3 Kf6 23. f4 Nc6 24. fxe5+ Nxe5 25. Ra3 Rd6 26.
Rf1+ Kg5 27. Kb1 Kh6 28. Be2 Rcd8 29. Rg3 g5 30. b3 Rd2 31. Re3 Ng6 32. Bd3 Nf4
33. g3 Nxd3 34. Rxd3 R2xd3 35. cxd3 Rxd3 36. Kc2 Rd8 37. Rf6+ Kh5 38. Rf7 Rc8+
39. Kb2 Kg6 40. Rb7 Ra8 41. Rb6+ Kh5 42. a4 Rf8 43. a5 Rf2+ 44. Ka3 Kg4 45. a6
Rf1 46. Rb7 Ra1+ 47. Kb4 Rxa6 48. Rc7 Re6 49. Rc5 Kh3 50. Rc4 Re2 51. Rc3 Rxh2
{Time forfeit} 0-1

[Event "Rated Blitz game"]
[Site "?"]
[Date "2021.10.22"]
[Round "?"]
[White "goberseck"]
[Black "KamranShirazi"]
[Result "1-0"]
[WhiteElo "2526"]
[BlackElo "2631"]
[PlyCount "89"]
[EventDate "2021.??.??"]
[EventType "blitz"]

1. e4 e5 2. Nf3 d5 3. d3 dxe4 4. dxe4 Qxd1+ 5. Kxd1 Nc6 6. c3 Bg4 7. Be2 O-O-O+
8. Nfd2 Be6 9. Kc2 f5 10. Bd3 g6 11. Nf3 Nf6 12. Nbd2 Bh6 13. Re1 Ng4 14. Re2
Bxd2 15. Nxd2 Nf6 16. f3 Nh5 17. Bc4 Rxd2+ 18. Rxd2 Bxc4 19. b3 Be6 20. Ba3
fxe4 21. fxe4 Nf6 22. Re1 Re8 23. h3 Nh5 24. Rf2 Nf4 25. Bc1 g5 26. h4 h6 27.
hxg5 hxg5 28. g3 Nh3 29. Rf6 Bg4 30. b4 a6 31. Be3 Rd8 32. Ref1 Be2 33. Rh1
Bd3+ 34. Kb3 g4 35. Rd1 Bxe4 36. Rxd8+ Kxd8 37. a4 Bd5+ 38. c4 Bf3 39. b5 Bd1+
40. Kc3 Ne7 41. bxa6 bxa6 42. Kb4 Kd7 43. Rxa6 Nc6+ 44. Kc5 Bf3 45. a5 {
Time forfeit} 1-0

[Event "Rated Blitz game"]
[Site "?"]
[Date "2021.10.22"]
[Round "?"]
[White "Landau96"]
[Black "fuglfonix"]
[Result "1-0"]
[WhiteElo "2444"]
[BlackElo "2319"]
[PlyCount "71"]
[EventDate "2021.??.??"]
[EventType "blitz"]

1. e4 e5 2. Nf3 d5 3. Nxe5 Bd6 4. d4 dxe4 5. Nc4 Ne7 6. Nc3 f5 7. Be2 O-O 8.
O-O Qe8 9. f4 exf3 10. Bxf3 Nbc6 11. Nb5 Qg6 12. Nbxd6 cxd6 13. Bf4 d5 14. Ne5
Nxe5 15. Bxe5 Be6 16. Re1 Nc6 17. Qe2 Bf7 18. c3 Rfe8 19. Qf2 Nxe5 20. dxe5 Be6
21. Rad1 Rad8 22. Qxa7 Rd7 23. Qf2 Qh6 24. Rd4 g5 25. g4 fxg4 26. Bxg4 Rf7 27.
Qg3 Ref8 28. Bxe6 Qxe6 29. Rg4 Rf5 30. Rxg5+ Rxg5 31. Qxg5+ Kh8 32. Kh1 Qh3 33.
Qg2 Qh4 34. Rg1 Qe7 35. e6 Qf6 36. Qxd5 {Normal} 1-0

[Event "Rated Blitz game"]
[Site "?"]
[Date "2021.10.22"]
[Round "?"]
[White "Katzik"]
[Black "Pashkomarku"]
[Result "0-1"]
[WhiteElo "2475"]
[BlackElo "2337"]
[PlyCount "136"]
[EventDate "2021.??.??"]
[EventType "blitz"]

1. e4 e5 2. Nf3 d5 3. exd5 Qxd5 4. Nc3 Qe6 5. Ng5 Qg6 6. d4 h6 7. Nf3 exd4 8.
Qxd4 Nc6 9. Qe3+ Nge7 10. Bd3 Bf5 11. Bxf5 Qxf5 12. O-O O-O-O 13. Qf4 g5 14.
Qa4 Kb8 15. Be3 Bg7 16. Nb5 a6 17. Nbd4 Nxd4 18. Nxd4 Bxd4 19. Bxd4 Rhe8 20. c3
Nc6 21. Be3 Qg6 22. Rad1 f5 23. Rxd8+ Rxd8 24. Rd1 f4 25. Rxd8+ Nxd8 26. Qd1
Nc6 27. Bd2 Qd3 28. Qc1 Ne5 29. h3 Nc4 30. Be1 Qe2 31. b3 Ne5 32. Qd2 Qxd2 33.
Bxd2 c6 34. Kf1 Kc7 35. Ke2 Kd6 36. g3 fxg3 37. fxg3 Kd5 38. h4 gxh4 39. gxh4
h5 40. Bg5 Ke4 41. Bd8 b5 42. a3 Nd3 43. Kd2 Nc5 44. Kc2 Ne6 45. Be7 Ke3 46. a4
Ke2 47. axb5 axb5 48. Bf6 Nf4 49. c4 bxc4 50. bxc4 Ng2 51. Kc3 Ke3 52. Bd8 Ke4
53. Kb4 Ne3 54. c5 Kd5 55. Be7 Nf5 56. Bg5 Nd4 57. Bh6 Ne6 58. Be3 Ng7 59. Bh6
Ne8 60. Bg5 Nc7 61. Be3 Na6+ 62. Kc3 Nxc5 63. Kd2 Ne4+ 64. Ke2 c5 65. Kf3 c4
66. Kf4 c3 67. Bc1 c2 68. Kf5 Ng3+ {Time forfeit} 0-1

[Event "Rated Blitz game"]
[Site "?"]
[Date "2021.10.22"]
[Round "?"]
[White "Tschandala"]
[Black "Fco_Frrs"]
[Result "0-1"]
[WhiteElo "2467"]
[BlackElo "2424"]
[PlyCount "146"]
[EventDate "2021.??.??"]
[EventType "blitz"]

1. e4 e5 2. Nf3 d5 3. exd5 e4 4. Nd4 Qxd5 5. Nb3 Nf6 6. Nc3 Qe6 7. Be2 Nc6 8.
O-O Bd6 9. d3 Qe5 10. g3 h5 11. Bf4 Qe7 12. Bxd6 cxd6 13. dxe4 h4 14. Nd5 Nxd5
15. exd5 hxg3 16. dxc6 Rxh2 17. fxg3 Rxe2 18. Qxe2 Qxe2 19. Rae1 Qxe1 20. Rxe1+
Kf8 21. Nd4 bxc6 22. Nxc6 Be6 23. b3 a5 24. Nd4 Ke7 25. Kf2 a4 26. b4 a3 27. c4
Kd7 28. Nxe6 fxe6 29. Ke3 Ra4 30. Rb1 d5 31. Kd4 Kd6 32. c5+ Kc6 33. Ke5 Kb5
34. Kxe6 d4 35. Kd5 d3 36. c6 Rxb4 37. c7 Rxb1 38. c8=Q Rb2 39. Qb7+ Ka5 40.
Qa7+ Kb4 41. Qb6+ Kc3 42. Qa5+ Kc2 43. Qc5+ Kd1 44. Kd4 d2 45. Ke3 Ke1 46. Qc3
Rxa2 47. Kd3 Rb2 48. Qe5+ Kf1 49. Qf4+ Kg2 50. Ke2 a2 51. Qf3+ Kh3 52. g4+ Kh4
53. Qa3 d1=Q+ 54. Kxd1 Rb1+ 55. Kc2 a1=Q 56. Qxa1 Rxa1 57. Kd2 Rg1 58. Ke3 Rxg4
59. Kf2 Kg5 60. Kf3 Kf5 61. Kf2 g5 62. Kf3 Rf4+ 63. Kg3 g4 64. Kg2 Re4 65. Kg3
Kg5 66. Kg2 Kh4 67. Kf2 g3+ 68. Kg2 Rf4 69. Kh1 Rf2 70. Kg1 Kh3 71. Kh1 Rf3 72.
Kg1 Rf2 73. Kh1 Rf1# {Normal} 0-1

[Event "Rated Blitz game"]
[Site "?"]
[Date "2021.10.22"]
[Round "?"]
[White "supertoys"]
[Black "MassterofMayhem"]
[Result "0-1"]
[WhiteElo "2493"]
[BlackElo "2640"]
[PlyCount "56"]
[EventDate "2021.??.??"]
[EventType "blitz"]

1. e4 e5 2. Nf3 d5 3. Nxe5 dxe4 4. Bc4 Qd4 5. Nxf7 Qxc4 6. Nxh8 Nf6 7. h3 Nc6
8. d3 exd3 9. cxd3 Qe6+ 10. Be3 Bd7 11. O-O O-O-O 12. Re1 Qg8 13. Nc3 Qxh8 14.
Rc1 Qg8 15. a3 a6 16. b4 Nd5 17. Qf3 Nxc3 18. Rxc3 Bd6 19. d4 Rf8 20. Qh5 g6
21. Qh4 Qd5 22. Rec1 h5 23. Rc4 Re8 24. Qf6 Re6 25. Qh8+ Re8 26. Qf6 Rf8 27.
Qxg6 Rg8 28. Qxh5 Qxg2# {Normal} 0-1

[Event "Rated Blitz game"]
[Site "?"]
[Date "2021.10.22"]
[Round "?"]
[White "NooraHamaki95"]
[Black "sillierchess"]
[Result "0-1"]
[WhiteElo "2320"]
[BlackElo "2448"]
[PlyCount "92"]
[EventDate "2021.??.??"]
[EventType "blitz"]

1. e4 e5 2. Nf3 d5 3. exd5 Bd6 4. d3 f5 5. Be2 Nf6 6. O-O O-O 7. c4 c6 8. Nc3
Qe8 9. dxc6 Nxc6 10. h3 f4 11. Nd2 Qg6 12. Kh1 Bf5 13. Nde4 Rad8 14. Bf3 Bb8
15. Nxf6+ gxf6 16. Bd5+ Kh8 17. Ne4 Nd4 18. b3 Rd7 19. Bb2 f3 20. Rg1 Ne2 21.
gxf3 Nxg1 22. Qxg1 Qh5 23. Qg3 Rg7 24. Rg1 Rxg3 25. Rxg3 Bxe4 26. dxe4 Bd6 27.
Kg2 b6 28. a3 Qh6 29. Bc3 Bxa3 30. b4 Qc1 31. f4 Qxf4 32. Rf3 Qg5+ 33. Rg3 Qc1
34. Rf3 Bb2 35. Bxb2 Qxb2 36. b5 Qd2 37. Rg3 Qf4 38. Rf3 Qd2 39. Rg3 h5 40. Rg6
Kh7 41. Rg3 f5 42. exf5 Rxf5 43. Be4 Qxf2+ 44. Kh1 Qxg3 45. Bxf5+ Kh6 46. c5
Qf3+ {Time forfeit} 0-1

[Event "Rated Blitz game"]
[Site "?"]
[Date "2021.10.22"]
[Round "?"]
[White "BBBower"]
[Black "JHuNN76"]
[Result "1-0"]
[WhiteElo "2422"]
[BlackElo "2423"]
[PlyCount "113"]
[EventDate "2021.??.??"]
[EventType "blitz"]

1. e4 e5 2. Nf3 d5 3. exd5 e4 4. Nd4 Qxd5 5. Nb3 Nc6 6. Nc3 Qe5 7. Bb5 Bd7 8.
Qe2 Nf6 9. Bxc6 Bxc6 10. d4 Qf5 11. Be3 O-O-O 12. O-O-O Bb4 13. h3 h5 14. Kb1
Bxc3 15. bxc3 Nd5 16. Qd2 Nb6 17. Qe2 Bb5 18. Qe1 Qd5 19. Bc1 f5 20. g3 Na4 21.
Bb2 Rd6 22. Qe3 Rb6 23. Nc5 Nxb2 24. Kxb2 Be2+ 25. Nb3 Bxd1 26. Rxd1 Qc4 27.
Qf4 g6 28. Re1 a5 29. Qe5 Rd8 30. Qxa5 Rd5 31. Qa3 Rc6 32. Re3 Ra6 33. Qb4 Qc6
34. c4 Rd8 35. d5 Qf6+ 36. c3 Rb6 37. Qa3 g5 38. c5 Ra6 39. Qb4 Qe5 40. d6 cxd6
41. cxd6 Raxd6 42. Nd4 Kb8 43. Nb5 Rd2+ 44. Kb3 R2d3 45. Re1 f4 46. Rc1 Qd5+
47. Ka4 e3 48. Qa5 e2 49. Qa7+ Kc8 50. Qa8+ Kd7 51. Qa7 Ke6 52. Qb6+ Rd6 53.
Qxd6+ Qxd6 54. Nxd6 Rxd6 55. Re1 f3 56. Kb3 Rd1 57. Rxe2+ {Time forfeit} 1-0

[Event "Rated Blitz game"]
[Site "?"]
[Date "2021.10.22"]
[Round "?"]
[White "miksa99"]
[Black "Larenim"]
[Result "1-0"]
[WhiteElo "2425"]
[BlackElo "2336"]
[PlyCount "43"]
[EventDate "2021.??.??"]
[EventType "blitz"]

1. e4 e5 2. Nf3 d5 3. d4 dxe4 4. Nxe5 Bd6 5. Qh5 Qe7 6. Bc4 Be6 7. Bg5 Nf6 8.
Bxf6 Qxf6 9. Nc3 g6 10. Qe2 Bxe5 11. Nxe4 Qf4 12. Bxe6 Bxd4 13. Bd5 O-O 14.
Bxb7 Nd7 15. Bxa8 Rxa8 16. Rd1 c5 17. c3 Re8 18. f3 Bxc3+ 19. bxc3 Ne5 20. O-O
Kg7 21. Qf2 Ng4 22. fxg4 {Normal} 1-0

[Event "Rated Blitz game"]
[Site "?"]
[Date "2021.10.22"]
[Round "?"]
[White "RiseLikeAPhoenix"]
[Black "Annali-annaliew1979"]
[Result "1-0"]
[WhiteElo "2575"]
[BlackElo "2438"]
[PlyCount "89"]
[EventDate "2021.??.??"]
[EventType "blitz"]

1. e4 e5 2. Nf3 d5 3. exd5 e4 4. Qe2 f5 5. d3 Nf6 6. dxe4 fxe4 7. Nc3 Be7 8.
Ng5 O-O 9. Qc4 Bd6 10. Be3 a6 11. O-O-O b5 12. Qb3 Bf5 13. Be2 Kh8 14. Ne6 Bxe6
15. dxe6 Nc6 16. Nd5 Nxd5 17. Qxd5 Qe8 18. Qxe4 Ne5 19. f4 Nc4 20. Bxc4 bxc4
21. f5 Qh5 22. g4 Qh4 23. Bd4 Rae8 24. Rhf1 Be7 25. Kb1 Bf6 26. Be5 Bxe5 27.
Qxe5 Rf6 28. Rd7 Qxg4 29. a3 h6 30. Rf4 Qg5 31. h4 Qg3 32. Ka2 a5 33. e7 Rd6
34. Rxd6 cxd6 35. Qxd6 Qe3 36. f6 gxf6 37. Qxf6+ Kh7 38. Qf7+ Kh8 39. Qxe8+ Kh7
40. Qf7+ Kh8 41. e8=Q+ Qxe8 42. Qxe8+ Kg7 43. Qf7+ Kh8 44. Rg4 h5 45. Rg8# {
Normal} 1-0

[Event "Rated Blitz game"]
[Site "?"]
[Date "2021.10.22"]
[Round "?"]
[White "beugi19"]
[Black "javiastu"]
[Result "0-1"]
[WhiteElo "2253"]
[BlackElo "2401"]
[PlyCount "28"]
[EventDate "2021.??.??"]
[EventType "blitz"]

1. e4 e5 2. Nf3 d5 3. exd5 e4 4. Qe2 Nf6 5. Nc3 Be7 6. Nxe4 O-O 7. d4 Nxd5 8.
Bd2 Nc6 9. O-O-O Bf5 10. Ng3 Bg6 11. h4 h6 12. Qc4 Nb6 13. Qc3 Nb4 14. Kb1
Bxc2+ {Normal} 0-1

[Event "Rated Blitz game"]
[Site "?"]
[Date "2021.10.22"]
[Round "?"]
[White "slca1234"]
[Black "ahoramahora"]
[Result "1-0"]
[WhiteElo "2460"]
[BlackElo "2430"]
[PlyCount "53"]
[EventDate "2021.??.??"]
[EventType "blitz"]

1. e4 e5 2. Nf3 d5 3. exd5 e4 4. Qe2 Nf6 5. Nc3 Be7 6. Nxe4 O-O 7. Nxf6+ Bxf6
8. Qd1 Qxd5 9. Be2 Nc6 10. O-O Bf5 11. c3 Rad8 12. d4 Rfe8 13. Be3 h6 14. Re1
b5 15. Qb3 a6 16. Qxd5 Rxd5 17. a4 b4 18. Bxa6 bxc3 19. bxc3 Na5 20. Nd2 Ra8
21. Be2 Nc6 22. Bf3 Rd6 23. Nc4 Re6 24. d5 Rxe3 25. Rxe3 Ne7 26. d6 cxd6 27.
Bxa8 {Normal} 1-0

[Event "Rated Blitz game"]
[Site "?"]
[Date "2021.10.22"]
[Round "?"]
[White "batman366"]
[Black "elrond"]
[Result "0-1"]
[WhiteElo "2333"]
[BlackElo "2482"]
[PlyCount "30"]
[EventDate "2021.??.??"]
[EventType "blitz"]

1. e4 e5 2. Nf3 d5 3. Nxe5 dxe4 4. Bc4 Qg5 5. Nxf7 Qxg2 6. Rf1 Bg4 7. Be2 Bxe2
8. Qxe2 Kxf7 9. Qc4+ Kg6 10. Qxc7 Nf6 11. Qxb7 Nbd7 12. Qxa8 Ne5 13. Nc3 Nf3+
14. Ke2 Nxh2 15. Re1 Qf3# {Normal} 0-1

[Event "Rated Blitz game"]
[Site "?"]
[Date "2021.10.22"]
[Round "?"]
[White "masterglenn057"]
[Black "hardacre"]
[Result "1-0"]
[WhiteElo "2429"]
[BlackElo "2373"]
[PlyCount "29"]
[EventDate "2021.??.??"]
[EventType "blitz"]

1. e4 e5 2. Nf3 d5 3. Nxe5 Bd6 4. d4 dxe4 5. Nc3 Bxe5 6. dxe5 Qxd1+ 7. Nxd1 Nc6
8. Bf4 Nge7 9. Nc3 Bf5 10. O-O-O Ng6 11. Bg3 Ngxe5 12. Bb5 O-O 13. Rhe1 Rfe8
14. Rd5 a6 15. Bxc6 {Normal} 1-0

[Event "Rated Rapid game"]
[Site "?"]
[Date "2021.10.22"]
[Round "?"]
[White "Shiki_chess"]
[Black "Generalluud"]
[Result "1-0"]
[WhiteElo "2422"]
[BlackElo "2247"]
[PlyCount "32"]
[EventDate "2021.??.??"]
[EventType "rapid"]

1. e4 e5 2. Nf3 d5 3. exd5 e4 4. Qe2 Nf6 5. Nc3 Be7 6. Ng5 O-O 7. Ngxe4 Nxd5 8.
d3 Re8 9. Be3 Bb4 10. a3 Ba5 11. b4 Bb6 12. Nxd5 Qxd5 13. Bxb6 axb6 14. Nf6+
gxf6 15. Qxe8+ Kg7 16. Be2 Be6 {Normal} 1-0

[Event "Rated Blitz game"]
[Site "?"]
[Date "2021.10.22"]
[Round "?"]
[White "SamuSam"]
[Black "kamaio"]
[Result "0-1"]
[WhiteElo "2434"]
[BlackElo "2337"]
[PlyCount "80"]
[EventDate "2021.??.??"]
[EventType "blitz"]

1. e4 e5 2. Nf3 d5 3. Nxe5 Bd6 4. d4 dxe4 5. Nc4 Nf6 6. Nxd6+ Qxd6 7. Be2 Nc6
8. c3 Bf5 9. h3 O-O-O 10. Be3 Nd5 11. O-O Bd7 12. c4 Nxe3 13. fxe3 f5 14. Nc3
g5 15. Qa4 Kb8 16. c5 Qg6 17. Qb3 f4 18. d5 Na5 19. Qb4 f3 20. gxf3 exf3 21.
Bxf3 g4 22. Be4 Qh6 23. Qxa5 Qxe3+ 24. Kh1 Qxh3+ 25. Kg1 g3 26. Rf7 Qh2+ 27.
Kf1 Rhf8 28. Rxf8 Rxf8+ 29. Ke1 Qg1+ 30. Kd2 Qxa1 31. c6 Qxb2+ 32. Kd3 Bc8 33.
cxb7 Bxb7 34. Qc5 Qf2 35. Qe7 Qf6 36. d6 Qxd6+ 37. Qxd6 cxd6 38. Bxb7 Kxb7 39.
Ne4 g2 40. Nxd6+ Kc6 {Normal} 0-1

[Event "Rated Blitz game"]
[Site "?"]
[Date "2021.10.22"]
[Round "?"]
[White "Nichirin_demon666"]
[Black "Annali-annaliew1979"]
[Result "0-1"]
[WhiteElo "2359"]
[BlackElo "2409"]
[PlyCount "96"]
[EventDate "2021.??.??"]
[EventType "blitz"]

1. e4 e5 2. Nf3 d5 3. Nc3 dxe4 4. Nxe4 f5 5. Ng3 e4 6. Ng1 Bc5 7. d3 Nc6 8.
dxe4 Bxf2+ 9. Ke2 Qxd1+ 10. Kxd1 Bxg3 11. hxg3 fxe4 12. Bf4 Bg4+ 13. Be2 O-O-O+
14. Ke1 Nf6 15. c3 h6 16. Rd1 g5 17. Be3 Nd5 18. Rxd5 Rxd5 19. Bxg4+ Kb8 20.
Ne2 Ne5 21. Be6 Rd6 22. Bf5 Nd3+ 23. Kf1 Nxb2 24. Bd4 Rf8 25. g4 b6 26. Ke1
Nd3+ 27. Kd2 c5 28. Bxe4 Nf4 29. Nxf4 Rxf4 30. Bf3 cxd4 31. cxd4 Rdxd4+ 32. Ke3
Ra4 33. Rxh6 Ra3+ 34. Kf2 Rxa2+ 35. Kg3 Ra5 36. Rh7 Rd4 37. Rh8+ Kc7 38. Rh7+
Kd6 39. Rg7 Re5 40. Rxa7 b5 41. Ra6+ Kc5 42. Rc6+ Kb4 43. Rb6 Kc3 44. Rc6+ Rc4
45. Rb6 b4 46. Kf2 b3 47. Be2 Rf4+ 48. Bf3 b2 {Normal} 0-1

[Event "Rated Blitz tournament YJJ7BY3t"]
[Site "?"]
[Date "2021.10.22"]
[Round "?"]
[White "renanreis"]
[Black "Razario90"]
[Result "1-0"]
[WhiteElo "2410"]
[BlackElo "2384"]
[PlyCount "67"]
[EventDate "2021.??.??"]
[EventType "blitz"]

1. e4 e5 2. Nf3 d5 3. exd5 e4 4. Qe2 Nf6 5. d3 Qxd5 6. Nbd2 Nc6 7. Nxe4 Nxe4 8.
Qxe4+ Qxe4+ 9. dxe4 Bg4 10. Bb5 Bxf3 11. Bxc6+ bxc6 12. gxf3 O-O-O 13. Rg1 g6
14. Be3 Bd6 15. h3 Rhf8 16. Rd1 a6 17. Ke2 f5 18. c4 Rde8 19. Kd3 fxe4+ 20.
fxe4 Rf3 21. h4 Rh3 22. Rh1 Rf3 23. Ke2 Rf7 24. f3 Ref8 25. Rh3 Re8 26. h5 Re6
27. hxg6 hxg6 28. c5 Be5 29. Bd4 Bf4 30. Rh8+ Kb7 31. Rd3 g5 32. Rb3+ Ka7 33.
Rhb8 g4 34. R3b7# {Normal} 1-0

[Event "Rated Blitz game"]
[Site "?"]
[Date "2021.10.22"]
[Round "?"]
[White "Larmor"]
[Black "rofaidah"]
[Result "1-0"]
[WhiteElo "2460"]
[BlackElo "2437"]
[PlyCount "147"]
[EventDate "2021.??.??"]
[EventType "blitz"]

1. e4 e5 2. Nf3 d5 3. exd5 e4 4. Qe2 Nf6 5. d3 Bf5 6. Bg5 Be7 7. Bxf6 exf3 8.
Qxe7+ Qxe7+ 9. Bxe7 Kxe7 10. gxf3 Kd6 11. Nc3 Re8+ 12. Kd2 a6 13. h4 Nd7 14. f4
Nf6 15. Bg2 Re7 16. Rae1 Rae8 17. Rxe7 Rxe7 18. Re1 Rxe1 19. Kxe1 b5 20. a3 Nh5
21. Ne2 Bg4 22. f3 Bf5 23. Kd2 Kxd5 24. b3 c5 25. c4+ Kd6 26. d4 g6 27. d5 a5
28. Ke3 b4 29. axb4 axb4 30. Nc1 Bc2 31. Bf1 Ng7 32. Bd3 Bxd3 33. Nxd3 Nf5+ 34.
Ke4 Nxh4 35. Ne5 f6 36. Nf7+ Ke7 37. Nh6 Ng2 38. f5 g5 39. Ng4 h5 40. d6+ Kd8
41. Nxf6 h4 42. Ng4 Nf4 43. f6 h3 44. f7 Ng6 45. Kf5 Nf8 46. Kxg5 Kd7 47. Kh4
Kxd6 48. Kxh3 Ke6 49. Nh6 Kf6 50. Kg4 Kg6 51. Nf5 Kxf7 52. Kf4 Ke6 53. Ke4 Nd7
54. Ne3 Nf6+ 55. Kd3 Ke5 56. Ng4+ Nxg4 57. fxg4 Kf4 58. g5 Kxg5 59. Ke4 Kf6 60.
Kd5 Kf5 61. Kxc5 Ke4 62. Kxb4 Kd3 63. Kb5 Kc2 64. c5 Kxb3 65. c6 Kc3 66. c7 Kd3
67. c8=Q Ke4 68. Qc4+ Ke3 69. Kc5 Kd2 70. Qd4+ Kc2 71. Kc4 Kb1 72. Qf2 Ka1 73.
Qd2 Kb1 74. Kb3 {Time forfeit} 1-0

[Event "Rated Blitz game"]
[Site "?"]
[Date "2021.10.22"]
[Round "?"]
[White "MagicRabbit"]
[Black "Pepiton61"]
[Result "1-0"]
[WhiteElo "2367"]
[BlackElo "2409"]
[PlyCount "37"]
[EventDate "2021.??.??"]
[EventType "blitz"]

1. e4 e5 2. Nf3 d5 3. Nxe5 Bd6 4. d4 dxe4 5. Nc3 Nf6 6. Bg5 O-O 7. Nc4 Nc6 8.
Be2 Re8 9. O-O h6 10. Bh4 Bf5 11. Ne3 Bg6 12. Ncd5 Be7 13. Nxe7+ Nxe7 14. Bxf6
gxf6 15. c4 f5 16. d5 f4 17. Ng4 Kg7 18. Qd4+ Kh7 19. Nf6+ {Normal} 1-0